The beverages industry in W. Erope

Bewaard in:
Bibliografische gegevens
Hoofdauteur: Sobral, M.
Formaat: Boek
Taal:Undetermined
Gepubliceerd in: Europe 1971
Onderwerpen:
Tags: Voeg label toe
Geen labels, Wees de eerste die dit record labelt!
Thư viện lưu trữ: Trung tâm Học liệu Trường Đại học Cần Thơ
LEADER 00447nam a2200169Ia 4500
001 CTU_80888
008 210402s9999 xx 000 0 und d
082 |a 663.19 
082 |b S677 
100 |a Sobral, M. 
245 4 |a The beverages industry in W. Erope 
245 0 |c M. Sobral 
260 |a Europe 
260 |c 1971 
650 |a Beverages,Drink industry 
904 |i Trọng Hải 
980 |a Trung tâm Học liệu Trường Đại học Cần Thơ